000
00236nam a22000857a 4500
008
170113b xxu||||| |||| 00| 0 eng d
100
_9
2380
_a
Singh. G
245
_a
New Generation Environmental Studies-3
260
_a
New Delhi
_b
Holy Faith
_c
2007
999
_c
5384
_d
5384